000 00654nam a2200217Ia 4500
005 20241129111118.0
008 241129s9999||||xx |||||||||||||| ||und||
020 _a978-1-03-248534-8
037 _aTB
040 _aCRL
_beng
_cCRL
041 _aeng
_2eng
084 _aW6.6 R2
_qCRL
100 _aAdebanwi Wale Ed.
_937054
245 0 _aEveryday state and democracy in Africa: ethnographic encounters
_cAdebanwi Wale Ed.
260 _aAthens, USA
_bAthens Ohio University Press
_c2022
300 _axxi,427p.
365 _aUSD
_b39.95
650 _aPolitical ScienceDemocracy
_9726228
942 _cTB
_hW6.6 R2
999 _c1228978
_d1228978